00571nam a2200169 a 450000100100000000500170001000800410002704000250006808200140009324500400010724600440014726000420019130000270023304900090026095201170026999900150038600000184820200929145728.0090629s20uu sp a 000 0 spa d aDO-SdBNPbspacBNPHU axxxbD63700a205 anécdotas del antiguo Egipto.00aDocientos anécdota del antiguo Egipto aBarcelona :bMundo Revistal S.L,c20? a50 p. :bil. ;c23 cm. aBNPD 001054708MOaGRbGRcCTd2009-06-29iLF1l0oxxx D637p1848-10r2020-06-25w2020-06-25y4ZPréstamo en sala c1725d1725